000 00406nam a2200157Ia 4500
008 230917s9999||||xx |||||||||||||| ||und||
040 _e115151
_aMAIN
041 _aEnglish
082 _a620.11 C134M
100 _aCallister, William D
245 0 _aMaterials science and engineeering on intoduction
250 _a6th ed.
260 _aNew Delhi
_bJohn Wiley
_c2006
300 _a820p p.
942 _cBK
999 _c141396
_d141396